| 000 | 00775nas a2200265Ia 4500 | ||
|---|---|---|---|
| 001 | dd16-2420 [d000002540] | ||
| 003 | IT-MiCISF | ||
| 008 | 161014c99999999xx |||||||||||| ||und|| | ||
| 040 |
_aIT-MiCISF _cIT-MiCISF |
||
| 041 | _aITALIANO | ||
| 100 | _aPollo Mario | ||
| 210 | _aRocca | ||
| 222 | _aRocca | ||
| 245 | 0 | _aDossier famiglia | |
| 250 | _a1a ed. | ||
| 260 | _c1995 | ||
| 501 |
_bCISF - Centro Internazionale Studi Famiglia - Via Giotto, 36 20145 MILANO (non commercial uses only) _cCopyright 2016 |
||
| 300 | _app. 10 | ||
| 362 | _a novembre-dicembre [1995] | ||
| 500 | _a Tema: famiglia, sociologia, ritmi-familiari, rapporti-intergenerazionali | ||
| 650 |
_aFAMIGLIA _vdossier |
||
| 700 | _aAA.VV. | ||
| 942 | _cCR | ||
| 957 | _71 | ||
| 999 |
_a2420 _bSi _g1 _c221306 _d221306 |
||